| 000 | 01210nam a2200277 i 4500 | ||
|---|---|---|---|
| 001 | 188227 | ||
| 003 | ES-MaACL | ||
| 005 | 20250730204405.0 | ||
| 008 | 180625s1845 sp a |||| | spa d | ||
| 080 | _a172.2 | ||
| 080 | _a32 | ||
| 100 | 1 |
_aSaavedra Fajardo, Diego de. _9101141 |
|
| 245 | 1 | 0 |
_aEmpresas políticas o Idea de un príncipe político cristiano _b: representada en cien empresas. _nI / _cpor D. Diego de Saavedra Fajardo. |
| 246 | 3 | _aIdea de un príncipe político cristiano | |
| 260 |
_aBarcelona : _bJuan Oliveres, _c1845. |
||
| 300 |
_a1 v. (XVII, 362, 10 p.) ; _c16 cm. |
||
| 490 | 1 |
_aTesoro de autores ilustres ; _v39 |
|
| 530 | _aDisponible en formato digital. | ||
| 597 | _aLas últimas 10 p. son de propaganda ed. sobre la colección. | ||
| 650 |
_aEducación de príncipes- _vObras anteriores a 1800. _9141555 |
||
| 650 | 7 |
_aÉtica política- _vObras anteriores a 1800. _9138374 |
|
| 830 | 1 | 0 |
_aTesoro de autores ilustres _v39 _9188006 |
| 852 |
_aES-MaACL _jL-32087 _z- Donat. herederos de la bibl. de Mª del Pilar Costa Palacín |
||
| 856 |
_uhttps://bibliotecadigital.carm.es/registro/00000184 _zBiblioteca Digital de la Región de Murcia |
||
| 999 |
_c188227 _d188227 |
||